| 000 | 00678nam a2200169 a 4500 | ||
|---|---|---|---|
| 008 | 160516s2010 ||||||||||||||||| || u | ||
| 020 | _a9781847423481 | ||
| 050 | _aHV 9345.A5 Whi | ||
| 100 | _aWhitehead, Philip | ||
| 245 | 1 | 0 |
_aExploring modern probation: social theory and organizational complexity _cBy Philip Whitehead |
| 260 |
_aBristol _bThe Policy Press _c2010 |
||
| 300 | _axi, 186p. | ||
| 350 | _a41.95 | ||
| 650 | _aPROBATION--GREAT BRITAIN | ||
| 650 | _aGREAT BRITAIN--PROBATION SERVICE DIVISION | ||
| 995 |
_FCBU-MAIN LIBRARY (Kitwe) _I41.95 _M1 _UAVAILABLE _WMay 27, 2016 _ZMain Library Open Access Collection |
||
| 999 |
_c42961 _d42961 |
||